Instituto Paleontológico, Sabadell
Descripción Física:
[14] p. : il. ; 21 cm
MARC
| LEADER | 00000nam a2200000Ia 4500 | ||
|---|---|---|---|
| 001 | 14815 | ||
| 003 | BGR | ||
| 005 | 20260324175720.0 | ||
| 008 | 160829s9999 xx 000 0 cat d | ||
| 080 | |a FU-31-11 | ||
| 110 | 2 | |a Institut Paleontològic Miquel Crusafont |9 71158 | |
| 245 | |a Instituto Paleontológico, Sabadell | ||
| 250 | |a Ed. en castellano | ||
| 260 | |a [Barcelona] : |b Diputación de Barcelona, [19-- ?] | ||
| 300 | |a [14] p. : |b il. ; |c 21 cm | ||
| 490 | |a Folletos monográficos singulares de arte. Serie I-7 ; 13 | ||
| 590 | |a Existeix una edició en català | ||
| 650 | |a Institut Paleontològic Dr. M. Crusafont |x Guies |9 38901 | ||
| 710 | 1 | |a Barcelona (Catalunya : Província). |b Diputació |9 52408 | |
| 901 | |a Arxiu | ||
| 942 | |n 1 |2 udc |c MON | ||
| 952 | |0 0 |1 0 |4 0 |6 FU3111 |7 1 |9 48668 |a Arxiu |b Arxiu |d 2016-12-01 |l 0 |o FU-31-11 |p 14815 |r 2016-12-01 00:00:00 |w 2016-12-01 |y ARXIU | ||
| 999 | |c 52498 |d 52498 | ||